| 000 | 00304nam a22001097a 4500 | ||
|---|---|---|---|
| 082 |
_a940.4 _bGEO |
||
| 100 |
_aDavid Lloyd War Memoirs _949354 |
||
| 245 |
_aWar Memoirs of David Lloyd _cWar Memoirs of David Lloyd |
||
| 300 | _axiii,3068. : | ||
| 526 |
_a0 _b0 _c0 _d940_400000000000000_GEO |
||
| 942 |
_2ddc _cBK |
||
| 999 |
_c552140 _d552140 |
||